00853cam a2200229 a 450000500170000000800410001702000150005804100080007310000260008124500990010725000110020626000440021730000160026150001390027765300270041665300320044365300310047565300280050665300280053465300310056265300300059320240627103321.0100701s1994||||ag a f |||| 00| 0 spa d a9509129860 aspa1 aBerlinguer, Giovanni. 3aLa enfermedad.bSufrimiento. Diferencia. Peligro. Señal. Estímulo / cGiovanni Berlinguer. a1a ed. aBuenos Aires: bLugar Editorial;c1994. a138 p.bil. aBerlinguer, G. (1994). La enfermedad. Sufrimiento. Diferencia. Peligro. Señal. Estímulo. (1a ed.). Buenos Aires : Lugar Editorial. aCiclo salud-enfermedad aEnfermedad como sufrimiento aEnfermedad como diferencia aEnfermedad como peligro aEnfermedad como señal aEnfermedad como estímulo aPerspectiva para la salud